00643nam a2200193 a 4500008004100000020002200041245010600063260006100169300003400230440003800264500002000302650002700322700002500349700002500374700002300399003000100422005001700423040000900440  a0787952036 (pbk.)04aThe organization of the future /c[editors] Frances Hesselbein, Marshall Goldsmith, Richard Beckhard. aSan Francisco, Calif. :bJossey-Bass Publishers,cc1997. axvi, 397 p. :bill. ;c24 cm. 0aDrucker Foundation future series. aIncludes index. 0aOrganizational change.1 aHesselbein, Frances.1 aGoldsmith, Marshall.1 aBeckhard, Richard.20230123133849.0 cNUST